000 00800nam a22002297a 4500
003 UA-OsUOA
001 42309
007 ta
008 20081219b un ||||| |||| 00| 0 ukr d
090 _a082
_bН34
942 _cBK
040 _aUA-OsUOA
_bukr
_cUA-OsUOA
_dUA-OsUOA
245 _aНаукові праці історичного факультету Запорізького державного університету
_bНа пошану професора Федора Григоровича Турченка з нагоди 60-річного ювілею
300 _a512 с.
955 _a1
041 _aukr
080 _a082
260 _aЗапоріжжя
_c2006
246 3 1 _aВипуск ХХ
650 7 _a08 Видання. Колективні праці
_2UDC
999 _c440807
_d440807